书目信息 |
| 题名: |
美国种族简史
|
|
| 作者: | 索威尔 著 ;沈宗美 译 | |
| 分册: | ||
| 出版信息: | 北京 中信出版社 2015.5 |
|
| 页数: | 320页 | |
| 开本: | 26cm | |
| 丛书名: | ||
| 单 册: | ||
| 中图分类: | D771.262 | |
| 科图分类: | ||
| 主题词: | 种族--zhong zu--历史--美国 , 历史--li shi , 美国--mei guo | |
| 电子资源: | ||
| ISBN: | 978-7-5086-5105-7 | |
| 000 | 01084nam0 22002771 450 | |
| 001 | 0109172437 | |
| 005 | 20170310090743.92 | |
| 010 | @a978-7-5086-5105-7@dCNY35.00 | |
| 100 | @a20150424d2015 em y0chiy50 ea | |
| 101 | 0 | @achi |
| 102 | @aCN@b110000 | |
| 105 | @ay z 000yy | |
| 106 | @ar | |
| 200 | 1 | @a美国种族简史@9mei guo zhong zu jian shi@f(美)索威尔著@g沈宗美译 |
| 205 | @a2版 | |
| 210 | @a北京@c中信出版社@d2015.5 | |
| 215 | @a320页@d26cm | |
| 330 | @a这是本讲述历史的图书。本书以大量的史实、数字,深入浅出地讲述了各个种族在美国的奋斗史、文化史,包括爱尔兰人、德国人、意大利人、日本人、犹太人、华人、墨西哥人、黑人、波多黎各人等。他们无论在种族基因上,还是在文化上都有其祖籍国的固有特质,他们共同的东西在美国这个众多种族共存的环境中凸显出来,决定了他们不同的行动方式和生存状态。 | |
| 606 | 0 | @a种族@9zhong zu@x历史@y美国 |
| 606 | 0 | @a历史@9li shi |
| 606 | 0 | @a美国@9mei guo |
| 690 | @aD771.262@v5 | |
| 701 | 0 | @c(美)@a索威尔@9suo wei er@4著 |
| 702 | 0 | @a沈宗美@9shen zong mei@4译 |
| 801 | 0 | @aCN@bTANGWEI@c20170308 |
| 905 | @b0953612-5@dD771.262@e390=2@f4 | |
| 美国种族简史/(美)索威尔著/沈宗美译.-2版.-北京:中信出版社,2015.5 |
| 320页;26cm |
| ISBN 978-7-5086-5105-7:CNY35.00 |
| 这是本讲述历史的图书。本书以大量的史实、数字,深入浅出地讲述了各个种族在美国的奋斗史、文化史,包括爱尔兰人、德国人、意大利人、日本人、犹太人、华人、墨西哥人、黑人、波多黎各人等。他们无论在种族基因上,还是在文化上都有其祖籍国的固有特质,他们共同的东西在美国这个众多种族共存的环境中凸显出来,决定了他们不同的行动方式和生存状态。 |
| ● |
| 相关链接 |
|
|
|
|
正题名:美国种族简史
索取号:D771.262/390=2
 
预约/预借
| 序号 | 登录号 | 条形码 | 馆藏地/架位号 | 状态 | 备注 |
| 1 | 0953612 | 209536126 | 第一样本阅览室/ [索取号:D771.262/390=2] | 在馆 | |
| 2 | 0953613 | 209536135 | 第一借阅区/ [索取号:D771.262/390=2] | 在馆 | |
| 3 | 0953614 | 209536144 | 第一借阅区/ [索取号:D771.262/390=2] | 在馆 | |
| 4 | 0953615 | 209536153 | 第一借阅区/ [索取号:D771.262/390=2] | 在馆 |